000 01865nam0a2200409 4500
001 RU\NLR\bibl\282809
005 20260407072723.0
010 _a5-7539-0463-7
_9500
021 _aRU
_b2002-8399
_9412
035 _a(NLR Aleph) 000278260
090 _a1627951
_c1627951
100 _a20131026d2001 |||y0rusy50 ca
101 0 _arus
_axal
102 _aRU
105 _ay |||||||||
200 1 _a"Джангар" и джангароведение
_eБиблиогр.
_fКалмыц. ин-т гуманит. исслед. Рос. акад. наук
_gСост. П.Э. Алексеева
_g[Ред. А.Б. Лиджиев]
205 _a2-е изд., испр. и доп.
210 _aЭлиста
_cКалмыц. кн. изд-во
_d2001
215 _a103, [1] с.
_d20
605 _a"Джангар"
_jБиблиография
_lкалмыцкий героический эпос
_9964980
_3RU\NLR\auth\66361034
610 0 _a"Джангар", эпос - Библиографические указатели
610 0 _aКалмыцкий эпос - Библиографические указатели
675 _a016:821.512.37.09
_v3
_zrus
686 _a13.41
_2rugasnti
686 _a91.9:83
_2rubbk
686 _aШ3(235=Калм)-611
702 1 _aЛиджиев
_bА. Б.
_4340
702 1 _4220
_8rus
_7ca
_aАлексеева
_bП.Э.
_cбиблиограф
_f1924-
_gПрасковья Эрдниевна
_3RU\NLR\AUTH\7728923
_911952
711 0 2 _aКалмыцкий институт гуманитарных исследований
_cЭлиста
_3RU\NLR\AUTH\8810036561
_9571800
801 0 _aRU
_bRKP
_c20020618
_gPSBO
801 1 _aRU
_bRKP
_c20020618
801 2 _aRU
_bNLR
_c20070628
_grcr
852 _aNLR
_bОНЛ
_jКалм./2-717
942 _cBOOK
980 _aNB